000 00557nam a2200205 a 4500
001 BRCA_6258
005 20190320205404.0
008 220711s1922----gw-#######---#000-0#ger-#
041 _ager
044 _agw
050 4 _aPT2625
_b.U55 A88
_c1922
100 1 _aMüller-Guttenbrunn, Adam
_d1852-1923
_915711
245 1 0 _aAus herbstlichem Garten
_cvon Adam Müller-Guttenbrunn.
260 _aLeipzig, Alemania
_bL. Staackmann
_c1922
300 _a292 p.
_c19 cm.
500 _aK121
650 1 4 _aLieratura alemana
_915712
902 _aGFM
942 _2lcc
_cB
999 _c5945
_d5945